eFFET D'AZOTE DE 46% DE L'UREE, DE COMPOST, DE 15-15-15 ET DE DAP SUR LE RENDEMENT DU HARICOT COMMU A` LA STATION EXPERIMENTALE DE L'UNIVERSITE ROYALE D'AGRICULTURE. (Record no. 1587)

000 -LEADER
fixed length control field 00532nam a22001577a 4500
003 - CONTROL NUMBER IDENTIFIER
control field OSt
005 - DATE AND TIME OF LATEST TRANSACTION
control field 20151001142815.0
008 - FIXED-LENGTH DATA ELEMENTS--GENERAL INFORMATION
fixed length control field 151001b xxu||||| |||| 00| 0 eng d
040 ## - CATALOGING SOURCE
Transcribing agency RUA
082 ## - DEWEY DECIMAL CLASSIFICATION NUMBER
Classification number AGR SAP 2002 B062 Or.1
100 ## - MAIN ENTRY--PERSONAL NAME
9 (RLIN) 1685
Personal name SAPHON, SOKHEMAREY.
245 ## - TITLE STATEMENT
Title eFFET D'AZOTE DE 46% DE L'UREE, DE COMPOST, DE 15-15-15 ET DE DAP SUR LE RENDEMENT DU HARICOT COMMU A` LA STATION EXPERIMENTALE DE L'UNIVERSITE ROYALE D'AGRICULTURE.
260 ## - PUBLICATION, DISTRIBUTION, ETC. (IMPRINT)
Place of publication, distribution, etc. phnom phen
Name of publisher, distributor, etc. RUA
Date of publication, distribution, etc. 2002
300 ## - PHYSICAL DESCRIPTION
Extent 44p.
Other physical details ill.
Dimensions 29cm.
942 ## - ADDED ENTRY ELEMENTS (KOHA)
Source of classification or shelving scheme
Koha item type AGR
Holdings
Price effective from Date last seen Permanent Location Not for loan Date acquired Source of classification or shelving scheme Koha item type Barcode Lost status Damaged status Shelving location Withdrawn status Current Location Full call number
2015-10-012015-10-01Library Block B 2015-10-01 AGRrua007249  B062 Library Block BAGR SAP 2002 B062 Or.1
2015-10-012015-10-01Library Block B 2015-10-01 AGRrua007321  B062 Library Block BAGR SAP 2002 B062 Or.2
2015-10-012015-10-01Library Block B 2015-10-01 AGRrua007250  B062 Library Block BAGR SAP 2002 B062 Or.3
2015-10-012015-10-01Library Block B 2015-10-01 AGRrua007322  B062 Library Block BAGR SAP 2002 B062 Or.4
2015-10-012015-10-01Library Block B 2015-10-01 AGRrua007102  B062 Library Block BAGR SAP 2002 B062 Or.5
មជ្ឈមណ្ឌលឯការនៃសាកលវិទ្យាល័យភូមិន្ទកសិកម្មចំការដូង

Powered by Koha